Информационные технологии в физической культуре и спорте: учебник

Библиографические подробности
Главный автор: Петров П. К. Павел Карпович
Примечания:В учебнике рассматриваются информационные технологии, связанные с обеспечением учебной, научно-методической и спортивно-оздоровительной деятельности в физической культуре и спорте. Представлены технологии обработки аудио- и видеоматериалов, технологии создания мультимедийных программно-педагогических средств по спортивно-педагогическим дисциплинам. Учебник создан в соответствии с Федеральным государственным образовательным стандартом по направлению подготовки "Педагогическое образование" профиль "Физическая культура" (квалификация "бакалавр"). Для студентов учреждений высшего профессионального образования. Будет полезен преподавателям факультетов университетов и институтов физической культуры и специалистам, работающим в сфере физической культуры и спорта.
Язык:русский
Опубликовано: Москва, Академия, 2011
Издание:2-е изд., перераб.
Серии:Высшее профессиональное образование. Педагогическое образование
Бакалавриат
Предметы:
Формат: Книга
Запись в KOHA:https://koha.lib.tpu.ru/cgi-bin/koha/opac-detail.pl?biblionumber=199980

MARC

LEADER 00000nam0a2200000 4500
001 199980
005 20231101224925.0
010 |a 9785769580826 
035 |a (RuTPU)RU\TPU\book\218039 
035 |a RU\TPU\book\127289 
090 |a 199980 
100 |a 20070605d2011 m y0rusy50 ca 
101 0 |a rus 
102 |a RU 
105 |a a j 001zy 
200 1 |a Информационные технологии в физической культуре и спорте  |e учебник  |f П. К. Петров 
205 |a 2-е изд., перераб. 
210 |a Москва  |c Академия  |d 2011 
215 |a 288 с.  |c ил. 
225 1 |a Высшее профессиональное образование. Педагогическое образование 
225 1 |a Бакалавриат 
320 |a Литература: с. 278-283. 
330 |a В учебнике рассматриваются информационные технологии, связанные с обеспечением учебной, научно-методической и спортивно-оздоровительной деятельности в физической культуре и спорте. Представлены технологии обработки аудио- и видеоматериалов, технологии создания мультимедийных программно-педагогических средств по спортивно-педагогическим дисциплинам. Учебник создан в соответствии с Федеральным государственным образовательным стандартом по направлению подготовки "Педагогическое образование" профиль "Физическая культура" (квалификация "бакалавр"). Для студентов учреждений высшего профессионального образования. Будет полезен преподавателям факультетов университетов и институтов физической культуры и специалистам, работающим в сфере физической культуры и спорта. 
451 1 |0 (RuTPU)RU\TPU\book\127289  |y 978-5-7695-3870-4  |t Информационные технологии в физической культуре и спорте  |o учебное пособие  |f П. К. Петров  |c М.  |n Академия  |d 2008  |p 288 с.  |s Высшее профессиональное образование. Педагогические специальности  |a Петров, Павел Карпович 
606 1 |a Физическая культура и спорт  |x Использование технических средств  |2 stltpush  |3 (RuTPU)RU\TPU\subj\63798  |9 80735 
610 1 |a спорт 
610 1 |a физическая культура 
610 1 |a информационные технологии 
610 1 |a физкультурное образование 
610 1 |a коммуникационные технологии 
610 1 |a программные средства 
610 1 |a текстовая информация 
610 1 |a Microsoft Excel 
610 1 |a графическая информация 
610 1 |a аудиоматериалы 
610 1 |a видеоматериалы 
610 1 |a компьютерные презентации 
610 1 |a мультимедийные средства 
610 1 |a создание 
610 1 |a подготовка 
610 1 |a редактирование 
610 1 |a учебные пособия 
675 |a 796:681.3(075.8)  |v 3 
700 1 |a Петров  |b П. К.  |g Павел Карпович 
801 1 |a RU  |b 63413507  |c 20110831 
801 2 |a RU  |b 63413507  |c 20150710  |g RCR 
900 |a Информационные технологии в физической культуре и спорте 
942 |c BK 
955 |b 050100 
959 |a 71/20110830  |d 2  |e 379,50  |f ЧЗГЛ:1  |f АНЛ:1